[Event "ODJM A 2023"]
[Site "Willingen GER"]
[Date "2023.05.28"]
[Round "2"]
[White "Mühlich, Cornelius"]
[Black "Deschler, Arne"]
[Result "0-1"]
[Termination "normal"]
[Board "18"]
[WhiteElo "1910"]
[BlackElo "1767"]
[WhiteClock "01:30:58"]
[BlackClock "01:30:56"]
[PlyCount "84"]
[WhiteFideId "12963712"]
[BlackFideId "16274415"]
[EventCountry "GER"]
[EventRounds "9"]
[EventType "swiss"]
[EventDate "2023.05.27"]

1. e4 {[%clk 01:30:58]} c6 {[%clk 01:30:56]} 2. d4 {[%clk 01:30:58]} d5 {[%clk
01:30:56]} 3. Nc3 {[%clk 01:30:58]} dxe4 {[%clk 01:30:56]} 4. Nxe4 {[%clk
01:30:58]} Bf5 {[%clk 01:30:56]} 5. Ng3 {[%clk 01:30:58]} Bg6 {[%clk 01:30:56]}
6. h4 {[%clk 01:30:58]} h6 {[%clk 01:30:56]} 7. h5 {[%clk 01:30:58]} Bh7 {[%clk
01:30:56]} 8. Bd3 {[%clk 01:30:58]} Bxd3 {[%clk 01:30:56]} 9. Qxd3 {[%clk
01:30:58]} Nf6 {[%clk 01:30:56]} 10. Nf3 {[%clk 01:30:58]} Nbd7 {[%clk
01:30:56]} 11. Bd2 {[%clk 01:30:58]} Qc7 {[%clk 01:30:56]} 12. O-O-O {[%clk
01:30:58]} O-O-O {[%clk 01:30:56]} 13. Ne4 {[%clk 01:30:58]} e6 {[%clk
01:30:56]} 14. Kb1 {[%clk 01:30:58]} Be7 {[%clk 01:30:56]} 15. Nxf6 {[%clk
01:30:58]} Bxf6 {[%clk 01:30:56]} 16. Qe4 {[%clk 01:30:58]} Nb6 {[%clk
01:30:56]} 17. Bf4 {[%clk 01:30:58]} Qe7 {[%clk 01:30:56]} 18. Ne5 {[%clk
01:30:58]} Nd5 {[%clk 01:30:56]} 19. Bh2 {[%clk 01:30:58]} Nc7 {[%clk
01:30:56]} 20. Rd3 {[%clk 01:30:58]} Bxe5 {[%clk 01:30:56]} 21. Qxe5 {[%clk
01:30:58]} f6 {[%clk 01:30:56]} 22. Qa5 {[%clk 01:30:58]} a6 {[%clk 01:30:56]}
23. Qb6 {[%clk 01:30:58]} e5 {[%clk 01:30:56]} 24. Re1 {[%clk 01:30:58]} Nb5
{[%clk 01:30:56]} 25. a4 {[%clk 01:30:58]} Qb4 {[%clk 01:30:56]} 26. axb5
{[%clk 01:30:58]} Qxe1+ {[%clk 01:30:56]} 27. Ka2 {[%clk 01:30:58]} Qb4 {[%clk
01:30:56]} 28. Qa7 {[%clk 01:30:58]} Qa4+ {[%clk 01:30:56]} 29. Kb1 {[%clk
01:30:58]} axb5 {[%clk 01:30:56]} 30. Qxa4 {[%clk 01:30:58]} bxa4 {[%clk
01:30:56]} 31. dxe5 {[%clk 01:30:58]} Rxd3 {[%clk 01:30:56]} 32. cxd3 {[%clk
01:30:58]} Rf8 {[%clk 01:30:56]} 33. f3 {[%clk 01:30:58]} Kd7 {[%clk 01:30:56]}
34. Ka2 {[%clk 01:30:58]} Ke6 {[%clk 01:30:56]} 35. d4 {[%clk 01:30:58]} f5
{[%clk 01:30:56]} 36. f4 {[%clk 01:30:58]} Kd5 {[%clk 01:30:56]} 37. Ka3 {[%clk
01:30:58]} Kxd4 {[%clk 01:30:56]} 38. Kxa4 {[%clk 01:30:58]} Ra8+ {[%clk
01:30:56]} 39. Kb4 {[%clk 01:30:58]} Ra2 {[%clk 01:30:56]} 40. Bg1 {[%clk
01:30:58]} Kd5 {[%clk 01:30:56]} 41. Kb3 {[%clk 01:30:58]} Ra1 {[%clk
01:30:56]} 42. Bb6 {[%clk 01:30:58]} Rh1 {[%clk 01:30:56]} 0-1

[Event "ODJM A 2023"]
[Site "Willingen GER"]
[Date "2023.05.28"]
[Round "2"]
[White "Stiller, Maximilian"]
[Black "Grunert, Friedrich"]
[Result "0-1"]
[Termination "normal"]
[Board "19"]
[WhiteElo "1657"]
[BlackElo "1975"]
[WhiteClock "01:30:57"]
[BlackClock "01:30:35"]
[PlyCount "86"]
[WhiteFideId "16254465"]
[BlackFideId "12995592"]
[EventCountry "GER"]
[EventRounds "9"]
[EventType "swiss"]
[EventDate "2023.05.27"]

1. d4 d5 2. Nf3 Nf6 3. e3 c5 4. b3 Nc6 5. Bb2 Bg4 6. Be2 e6 7. O-O Bd6 8. Nbd2
O-O 9. dxc5 Bxc5 10. c4 Qe7 11. h3 Bh5 12. Ne5 Bxe2 13. Qxe2 Nxe5 14. Bxe5 Rfd8
15. Rfd1 Rac8 16. Rac1 dxc4 17. Nxc4 Nd5 18. e4 Nf6 19. Bb2 Rxd1+ 20. Rxd1 b5
21. Nd2 a6 22. e5 Nd5 23. Ne4 Ba3 24. Ba1 Qc7 25. Qg4 Kh8 26. Nd6 Rf8 27. h4
Qc2 28. Qf3 Kg8 29. Bd4 Nf4 30. Re1 Qd2 31. Bc3 Qd3 32. Re3 Qb1+ 33. Re1 Qc2
34. g3 Nd3 35. Re3 Qxc3 36. Qd1 Nxf2 37. Rxc3 Nxd1 38. Rc6 b4 39. Rxa6 Nc3 40.
Nc4 Nxa2 41. Nxa3 bxa3 42. Rxa3 Nb4 43. Kf2 Nd3+ 0-1

[Event "ODJM A 2023"]
[Site "Willingen GER"]
[Date "2023.05.28"]
[Round "2"]
[White "Albayrak, Berrak"]
[Black "Kieselbach, Marvin"]
[Result "1/2-1/2"]
[Termination "normal"]
[Board "20"]
[WhiteElo "1664"]
[BlackElo "1850"]
[WhiteClock "01:17:20"]
[BlackClock "00:39:39"]
[PlyCount "43"]
[WhiteFideId "16241657"]
[BlackFideId "16235770"]
[EventCountry "GER"]
[EventRounds "9"]
[EventType "swiss"]
[EventDate "2023.05.27"]

{normal} 1. e4 c5 2. Nf3 d6 3. d3 g6 4. g3 Bg7 5. Bg2 e6 6. O-O Nc6 7. c3 Nge7
8. Re1 O-O 9. Be3 Ne5 10. Nxe5 Bxe5 11. d4 cxd4 12. cxd4 Bg7 13. Nc3 Bd7 14.
Qd2 Nc6 15. Rac1 a6 16. Rc2 Rc8 17. Ne2 Qe7 18. Rec1 b5 19. f4 Rfe8 20. Bf2 a5
21. a3 b4 22. d5 1/2-1/2

[Event "ODJM A 2023"]
[Site "Willingen GER"]
[Date "2023.05.28"]
[Round "2"]
[White "Beyer, Lorenz"]
[Black "Andresen, Marc"]
[Result "1/2-1/2"]
[Termination "normal"]
[Board "21"]
[WhiteElo "1915"]
[BlackElo "1748"]
[WhiteClock "00:33:58"]
[BlackClock "00:44:23"]
[PlyCount "41"]
[WhiteFideId "16245393"]
[BlackFideId "16233719"]
[EventCountry "GER"]
[EventRounds "9"]
[EventType "swiss"]
[EventDate "2023.05.27"]

1. c4 {[%clk 01:30:52]} {[%emt 00:00:08]} Nf6 {[%clk 01:30:23]} {[%emt
00:00:37]} 2. Nf3 {[%clk 01:31:09]} {[%emt 00:00:14]} g6 {[%clk 01:30:16]}
{[%emt 00:00:37]} 3. Nc3 {[%clk 01:31:16]} {[%emt 00:00:23]} d5 {[%clk
01:30:06]} {[%emt 00:00:40]} 4. cxd5 {[%clk 01:31:04]} {[%emt 00:00:42]} Nxd5
{[%clk 01:30:24]} {[%emt 00:00:11]} 5. e4 {[%clk 01:29:42]} {[%emt 00:01:52]}
Nxc3 {[%clk 01:30:46]} {[%emt 00:00:09]} 6. bxc3 {[%clk 01:30:05]} {[%emt
00:00:06]} Bg7 {[%clk 01:31:07]} {[%emt 00:00:08]} 7. d4 {[%clk 01:30:28]}
{[%emt 00:00:08]} c5 {[%clk 01:31:30]} {[%emt 00:00:07]} 8. Be3 {[%clk
01:30:52]} {[%emt 00:00:06]} Qa5 {[%clk 01:30:28]} {[%emt 00:01:33]} 9. Qd2
{[%clk 01:30:57]} {[%emt 00:00:25]} O-O {[%clk 01:29:15]} {[%emt 00:01:43]} 10.
Rc1 {[%clk 01:29:15]} {[%emt 00:02:11]} Rd8 {[%clk 01:26:12]} {[%emt 00:03:34]}
11. Be2 {[%clk 01:27:43]} {[%emt 00:02:02]} Bg4 {[%clk 01:21:49]} {[%emt
00:04:52]} 12. d5 {[%clk 01:24:33]} {[%emt 00:03:40]} Nd7 {[%clk 01:13:07]}
{[%emt 00:09:13]} 13. O-O {[%clk 01:20:40]} {[%emt 00:04:22]} c4 {[%clk
01:02:23]} {[%emt 00:11:14]} 14. Nd4 {[%clk 01:06:46]} {[%emt 00:14:25]} Bxe2
{[%clk 00:57:57]} {[%emt 00:04:56]} 15. Qxe2 {[%clk 01:06:31]} {[%emt
00:00:44]} Nc5 {[%clk 00:55:46]} {[%emt 00:02:42]} 16. Qc2 {[%clk 01:02:23]}
{[%emt 00:04:37]} e6 {[%clk 00:49:22]} {[%emt 00:06:54]} 17. dxe6 {[%clk
00:59:48]} {[%emt 00:03:05]} Nxe6 {[%clk 00:49:45]} {[%emt 00:00:08]} 18. Rb1
{[%clk 00:53:28]} {[%emt 00:06:50]} Nxd4 {[%clk 00:45:10]} {[%emt 00:05:05]}
19. cxd4 {[%clk 00:53:02]} {[%emt 00:00:55]} Bxd4 {[%clk 00:44:23]} {[%emt
00:01:17]} 20. Rfd1 Be5 {[%clk 00:44:23]} 21. Rxb7 {[%clk 00:33:58]} {[%emt
00:32:13]} 1/2-1/2

[Event "ODJM A 2023"]
[Site "Willingen GER"]
[Date "2023.05.28"]
[Round "2"]
[White "Gold, Florian"]
[Black "Ruddat, Jarne"]
[Result "1-0"]
[Termination "normal"]
[Board "23"]
[WhiteElo "1841"]
[BlackElo "1846"]
[WhiteClock "00:22:20"]
[BlackClock "00:19:28"]
[PlyCount "65"]
[WhiteFideId "16220536"]
[BlackFideId "16254236"]
[EventCountry "GER"]
[EventRounds "9"]
[EventType "swiss"]
[EventDate "2023.05.27"]

1. d4 {[%clk 01:30:57]} {[%emt 00:00:03]} Nf6 {[%clk 01:30:54]} {[%emt
00:00:07]} 2. c4 {[%clk 01:31:23]} {[%emt 00:00:04]} g6 {[%clk 01:31:18]}
{[%emt 00:00:05]} 3. Nc3 {[%clk 01:31:49]} {[%emt 00:00:04]} d5 {[%clk
01:31:41]} {[%emt 00:00:07]} 4. cxd5 {[%clk 01:32:14]} {[%emt 00:00:06]} Nxd5
{[%clk 01:32:05]} {[%emt 00:00:05]} 5. e4 {[%clk 01:32:42]} {[%emt 00:00:02]}
Nxc3 {[%clk 01:32:22]} {[%emt 00:00:13]} 6. bxc3 {[%clk 01:33:10]} {[%emt
00:00:01]} Bg7 {[%clk 01:32:44]} {[%emt 00:00:09]} 7. Nf3 {[%clk 01:33:32]}
{[%emt 00:00:07]} O-O {[%clk 01:32:47]} {[%emt 00:00:27]} 8. Be2 {[%clk
01:31:29]} {[%emt 00:02:33]} Bg4 {[%clk 01:32:59]} {[%emt 00:00:19]} 9. O-O
{[%clk 01:30:49]} {[%emt 00:01:09]} c5 {[%clk 01:33:19]} {[%emt 00:00:11]} 10.
Be3 {[%clk 01:30:22]} {[%emt 00:00:57]} Nc6 {[%clk 01:27:49]} {[%emt 00:05:59]}
11. d5 {[%clk 01:28:51]} {[%emt 00:02:01]} Na5 {[%clk 01:20:02]} {[%emt
00:08:17]} 12. Bxc5 {[%clk 01:22:22]} {[%emt 00:06:59]} Bxc3 {[%clk 01:19:01]}
{[%emt 00:01:31]} 13. Rc1 {[%clk 01:21:28]} {[%emt 00:01:24]} Bg7 {[%clk
01:16:49]} {[%emt 00:02:42]} 14. Re1 {[%clk 01:12:16]} {[%emt 00:09:41]} b6
{[%clk 01:09:37]} {[%emt 00:07:42]} 15. Bb4 {[%clk 01:09:13]} {[%emt 00:03:34]}
Nb7 {[%emt 00:01:30]} 16. h3 {[%clk 01:08:45]} {[%emt 00:00:48]} Bxf3 {[%clk
01:07:26]} {[%emt 00:01:50]} 17. Bxf3 {[%clk 01:08:47]} {[%emt 00:00:27]} Be5
{[%clk 01:07:36]} {[%emt 00:00:19]} 18. Qd2 {[%clk 01:02:48]} {[%emt 00:06:31]}
Nd6 {[%clk 01:05:53]} {[%emt 00:02:13]} 19. Bg4 {[%clk 00:54:33]} {[%emt
00:08:45]} h5 {[%clk 01:03:51]} {[%emt 00:02:32]} 20. Bd1 {[%clk 00:52:08]}
{[%emt 00:02:56]} Rc8 {[%clk 00:56:15]} {[%emt 00:08:05]} 21. f4 {[%clk
00:44:01]} {[%emt 00:08:37]} Bd4+ {[%clk 00:53:04]} {[%emt 00:03:41]} 22. Kh1
{[%clk 00:43:41]} {[%emt 00:00:49]} Rxc1 {[%clk 00:52:36]} {[%emt 00:00:59]}
23. Qxc1 {[%clk 00:43:58]} {[%emt 00:00:13]} Qc8 {[%clk 00:49:33]} {[%emt
00:03:31]} 24. Qd2 {[%clk 00:42:32]} {[%emt 00:01:58]} Bc5 {[%clk 00:49:20]}
{[%emt 00:00:43]} 25. Bc3 {[%clk 00:41:25]} {[%emt 00:01:37]} Nb5 {[%clk
00:45:24]} {[%emt 00:04:26]} 26. Ba1 {[%clk 00:39:41]} {[%emt 00:02:14]} Qc7
{[%clk 00:38:00]} {[%emt 00:07:55]} 27. Rf1 {[%clk 00:32:50]} {[%emt 00:07:20]}
Kh7 {[%clk 00:32:11]} {[%emt 00:06:18]} 28. f5 {[%clk 00:29:59]} {[%emt
00:03:23]} Qc8 {[%clk 00:30:39]} {[%emt 00:02:01]} 29. Qg5 {[%clk 00:23:33]}
{[%emt 00:06:56]} Nd4 {[%clk 00:19:27]} {[%emt 00:11:42]} 30. Bxh5 {[%clk
00:21:17]} {[%emt 00:02:46]} gxh5 {[%clk 00:18:43]} {[%emt 00:01:14]} 31. Qxh5+
{[%clk 00:21:42]} {[%emt 00:00:05]} Kg7 {[%clk 00:19:05]} {[%emt 00:00:08]} 32.
Qg5+ {[%clk 00:22:08]} {[%emt 00:00:04]} Kh7 {[%clk 00:19:28]} {[%emt
00:00:08]} 33. Rf4 {[%clk 00:22:20]} {[%emt 00:00:17]} 1-0

[Event "ODJM A 2023"]
[Site "Willingen GER"]
[Date "2023.05.28"]
[Round "2"]
[White "Matthes, Benjamin"]
[Black "Nguyen, Phuc Nhat"]
[Result "1/2-1/2"]
[Termination "normal"]
[Board "24"]
[WhiteElo "1816"]
[BlackElo "1929"]
[WhiteClock "00:14:26"]
[BlackClock "00:55:11"]
[PlyCount "96"]
[WhiteFideId "16227298"]
[BlackFideId "16253590"]
[EventCountry "GER"]
[EventRounds "9"]
[EventType "swiss"]
[EventDate "2023.05.27"]

1. e4 {[%clk 01:30:11]} {[%emt 00:00:48]} e5 {[%clk 01:30:54]} {[%emt
00:00:06]} 2. Nf3 {[%clk 01:29:40]} {[%emt 00:01:02]} Nf6 {[%clk 01:31:17]}
{[%emt 00:00:07]} 3. Nxe5 {[%clk 01:30:05]} {[%emt 00:00:05]} Nc6 {[%clk
01:31:21]} {[%emt 00:00:25]} 4. Nxc6 {[%clk 01:22:08]} {[%emt 00:08:28]} dxc6
{[%clk 01:30:31]} {[%emt 00:01:20]} 5. Nc3 {[%clk 01:00:54]} {[%emt 00:21:43]}
Bc5 {[%clk 01:29:02]} {[%emt 00:01:59]} 6. Be2 {[%clk 00:59:59]} {[%emt
00:01:25]} h5 {[%clk 01:27:33]} {[%emt 00:01:59]} 7. h3 {[%clk 00:54:53]}
{[%emt 00:05:36]} Qd4 {[%clk 01:27:51]} {[%emt 00:00:12]} 8. Rf1 {[%clk
00:48:15]} {[%emt 00:07:08]} Nxe4 {[%clk 01:26:13]} {[%emt 00:02:09]} 9. Nxe4
{[%clk 00:44:06]} {[%emt 00:04:39]} Qxe4 {[%clk 01:26:39]} {[%emt 00:00:03]}
10. Rg1 {[%clk 00:36:16]} {[%emt 00:08:20]} Bf5 {[%clk 01:23:07]} {[%emt
00:04:02]} 11. d3 {[%clk 00:32:56]} {[%emt 00:03:50]} Qe6 {[%clk 01:21:57]}
{[%emt 00:01:40]} 12. Bf4 {[%clk 00:25:18]} {[%emt 00:08:08]} O-O-O {[%clk
01:22:16]} {[%emt 00:00:10]} 13. Qd2 {[%clk 00:25:30]} {[%emt 00:00:20]} Rhe8
{[%clk 01:22:28]} {[%emt 00:00:17]} 14. Be3 {[%clk 00:24:58]} {[%emt 00:01:00]}
Bxe3 {[%clk 01:22:42]} {[%emt 00:00:19]} 15. fxe3 {[%clk 00:24:53]} {[%emt
00:01:05]} Qxe3 {[%clk 01:18:23]} {[%emt 00:05:19]} 16. Qxe3 {[%clk 00:24:09]}
{[%emt 00:01:15]} Rxe3 {[%clk 01:18:51]} {[%emt 00:00:01]} 17. Kd2 {[%clk
00:24:06]} {[%emt 00:00:33]} Re5 {[%clk 01:19:19]} {[%emt 00:00:02]} 18. Rae1
{[%clk 00:23:28]} {[%emt 00:01:07]} g6 {[%clk 01:18:48]} {[%emt 00:01:01]} 19.
Bg4 {[%clk 00:06:01]} {[%emt 00:17:57]} Rdd5 {[%clk 01:13:44]} {[%emt
00:05:33]} 20. Bf3 {[%clk 00:02:30]} {[%emt 00:04:02]} Rxe1 {[%clk 01:13:53]}
{[%emt 00:00:21]} 21. Rxe1 {[%clk 00:02:46]} {[%emt 00:00:14]} Rd6 {[%clk
01:13:47]} {[%emt 00:00:31]} 22. g4 {[%clk 00:02:19]} {[%emt 00:01:02]} hxg4
{[%clk 01:14:08]} {[%emt 00:00:09]} 23. hxg4 {[%clk 00:00:56]} {[%emt
00:01:54]} Be6 {[%clk 01:14:36]} {[%emt 00:00:01]} 24. g5 {[%clk 00:00:52]}
{[%emt 00:00:35]} b5 {[%clk 01:13:48]} {[%emt 00:01:17]} 25. a3 {[%clk
00:00:37]} {[%emt 00:00:45]} Kb7 {[%clk 01:13:52]} {[%emt 00:00:26]} 26. Kc3
{[%clk 00:00:36]} {[%emt 00:00:32]} Kb6 {[%clk 01:14:16]} {[%emt 00:00:06]} 27.
Re5 {[%clk 00:00:33]} {[%emt 00:00:33]} c5 {[%clk 01:13:42]} {[%emt 00:01:03]}
28. b3 {[%clk 00:00:34]} {[%emt 00:00:29]} a5 {[%clk 01:14:02]} {[%emt
00:00:11]} 29. a4 {[%clk 00:00:34]} {[%emt 00:00:29]} c6 {[%clk 01:14:25]}
{[%emt 00:00:08]} 30. Kb2 {[%clk 00:00:38]} {[%emt 00:00:26]} Rd4 {[%clk
01:14:27]} {[%emt 00:00:27]} 31. Be4 {[%clk 00:00:36]} {[%emt 00:00:32]} Rd8
{[%clk 01:14:08]} {[%emt 00:00:50]} 32. Bxg6 {[%clk 00:00:33]} {[%emt
00:00:32]} Bxb3 {[%clk 01:13:18]} {[%emt 00:01:19]} 33. Kxb3 {[%clk 00:00:56]}
{[%emt 00:00:08]} fxg6 {[%clk 01:13:33]} {[%emt 00:00:14]} 34. axb5 {[%clk
00:00:39]} {[%emt 00:00:48]} cxb5 {[%clk 00:51:55]} {[%emt 00:22:09]} 35. Re6+
{[%clk 00:01:07]} {[%emt 00:00:01]} Kc7 {[%clk 00:52:23]} {[%emt 00:00:01]} 36.
Rxg6 {[%clk 00:01:25]} {[%emt 00:00:13]} a4+ {[%clk 00:52:48]} {[%emt
00:00:06]} 37. Ka3 {[%clk 00:01:09]} {[%emt 00:00:46]} Rd4 {[%clk 00:52:30]}
{[%emt 00:00:46]} 38. Rf6 {[%clk 00:00:34]} {[%emt 00:01:06]} Rg4 {[%clk
00:51:17]} {[%emt 00:01:43]} 39. g6 {[%clk 00:00:41]} {[%emt 00:00:23]} Rg3
{[%clk 00:44:49]} {[%emt 00:06:58]} 40. Kb2 {[%clk 00:00:43]} {[%emt 00:00:29]}
Rg2 {[%clk 00:30:07]} {[%emt 00:15:12]} 41. Ra6 {[%clk 00:19:37]} {[%emt
00:11:36]} Kb7 {[%clk 01:00:26]} {[%emt 00:00:10]} 42. Rf6 {[%clk 00:19:26]}
{[%emt 00:00:40]} b4 {[%clk 01:00:06]} {[%emt 00:00:50]} 43. Rf7+ {[%clk
00:14:17]} {[%emt 00:05:38]} Kb6 {[%clk 01:00:00]} {[%emt 00:00:37]} 44. g7
{[%clk 00:14:39]} {[%emt 00:00:09]} b3 {[%clk 00:59:54]} {[%emt 00:00:36]} 45.
g8=Q {[%clk 00:14:21]} {[%emt 00:00:48]} Rxg8 {[%clk 00:59:09]} {[%emt
00:01:16]} 46. cxb3 {[%clk 00:14:28]} {[%emt 00:00:22]} Rg2+ {[%clk 00:55:05]}
{[%emt 00:04:34]} 47. Ka3 {[%clk 00:14:10]} {[%emt 00:00:49]} axb3 {[%clk
00:54:45]} {[%emt 00:00:50]} 48. Kxb3 {[%clk 00:14:26]} {[%emt 00:00:14]} Kb5
{[%clk 00:55:11]} {[%emt 00:00:04]} 1/2-1/2

[Event "ODJM A 2023"]
[Site "Willingen GER"]
[Date "2023.05.28"]
[Round "2"]
[White "Held, Momme Fredrik"]
[Black "Loheide, Michel"]
[Result "0-1"]
[Termination "normal"]
[Board "25"]
[WhiteElo "1914"]
[BlackElo "1876"]
[WhiteClock "00:24:51"]
[BlackClock "00:31:00"]
[PlyCount "95"]
[WhiteFideId "16237692"]
[BlackFideId "34633570"]
[EventCountry "GER"]
[EventRounds "9"]
[EventType "swiss"]
[EventDate "2023.05.27"]

1. c4 {[%clk 01:30:57]} {[%emt 00:00:02]} e6 {[%clk 01:30:54]} {[%emt
00:00:07]} 2. g3 {[%clk 01:31:20]} {[%emt 00:00:07]} Nf6 {[%clk 01:31:15]}
{[%emt 00:00:08]} 3. Bg2 {[%clk 01:31:37]} {[%emt 00:00:14]} d5 {[%clk
01:31:28]} {[%emt 00:00:16]} 4. Nf3 {[%clk 01:31:44]} {[%emt 00:00:23]} Be7
{[%clk 01:31:16]} {[%emt 00:00:42]} 5. d4 {[%clk 01:31:37]} {[%emt 00:00:38]}
O-O {[%clk 01:31:22]} {[%emt 00:00:23]} 6. O-O {[%clk 01:31:40]} {[%emt
00:00:27]} c6 {[%clk 01:26:53]} {[%emt 00:04:59]} 7. Qc2 {[%clk 01:29:58]}
{[%emt 00:02:12]} Nbd7 {[%clk 01:26:30]} {[%emt 00:00:53]} 8. Nbd2 {[%clk
01:29:41]} {[%emt 00:00:47]} b6 {[%clk 01:21:47]} {[%emt 00:05:14]} 9. e4
{[%clk 01:28:28]} {[%emt 00:01:43]} dxe4 {[%clk 01:19:37]} {[%emt 00:02:40]}
10. Nxe4 {[%clk 01:28:51]} {[%emt 00:00:07]} Bb7 {[%clk 01:18:58]} {[%emt
00:01:08]} 11. Nxf6+ {[%clk 01:27:05]} {[%emt 00:02:16]} Bxf6 {[%clk 01:15:10]}
{[%emt 00:04:18]} 12. c5 {[%clk 01:23:14]} {[%emt 00:04:21]} Re8 {[%clk
01:08:45]} {[%emt 00:06:54]} 13. Rd1 {[%clk 01:17:07]} {[%emt 00:06:38]} g6
{[%clk 00:55:22]} {[%emt 00:13:54]} 14. Be3 {[%clk 00:52:25]} {[%emt 00:25:12]}
Bg7 {[%clk 00:51:01]} {[%emt 00:04:51]} 15. Nd2 {[%clk 00:47:11]} {[%emt
00:05:44]} Nf6 {[%clk 00:36:50]} {[%emt 00:14:40]} 16. Bg5 {[%clk 00:37:53]}
{[%emt 00:09:49]} Qd7 {[%clk 00:28:33]} {[%emt 00:08:45]} 17. Bxf6 {[%clk
00:24:46]} {[%emt 00:13:40]} Bxf6 {[%clk 00:28:57]} {[%emt 00:00:05]} 18. Nc4
{[%clk 00:25:08]} {[%emt 00:00:08]} Bxd4 {[%clk 00:22:26]} {[%emt 00:07:01]}
19. Nd6 {[%clk 00:22:16]} {[%emt 00:03:22]} bxc5 {[%clk 00:22:39]} {[%emt
00:00:16]} 20. Nxe8 {[%clk 00:21:08]} {[%emt 00:01:38]} Qxe8 {[%clk 00:22:19]}
{[%emt 00:00:50]} 21. Rab1 {[%clk 00:20:59]} {[%emt 00:00:39]} a5 {[%clk
00:18:28]} {[%emt 00:04:20]} 22. a3 {[%clk 00:19:46]} {[%emt 00:01:44]} e5
{[%clk 00:15:05]} {[%emt 00:03:53]} 23. b4 {[%clk 00:18:59]} {[%emt 00:01:18]}
axb4 {[%clk 00:13:05]} {[%emt 00:02:29]} 24. axb4 {[%clk 00:19:20]} {[%emt
00:00:10]} Bc8 {[%clk 00:12:30]} {[%emt 00:01:05]} 25. b5 {[%clk 00:10:53]}
{[%emt 00:08:57]} Bf5 {[%clk 00:10:55]} {[%emt 00:02:04]} 26. Qe2 {[%clk
00:07:12]} {[%emt 00:04:12]} Rc8 {[%clk 00:07:26]} {[%emt 00:03:59]} 27. Bxc6
{[%clk 00:06:21]} {[%emt 00:01:22]} Rxc6 {[%clk 00:07:50]} {[%emt 00:00:06]}
28. bxc6 {[%clk 00:06:44]} {[%emt 00:00:07]} Bxb1 {[%clk 00:08:13]} {[%emt
00:00:05]} 29. Rxb1 {[%clk 00:06:46]} {[%emt 00:00:29]} Qxc6 {[%clk 00:08:35]}
{[%emt 00:00:08]} 30. Rc1 {[%clk 00:04:58]} {[%emt 00:02:19]} Qe6 {[%clk
00:08:01]} {[%emt 00:01:03]} 31. Qc4 {[%clk 00:01:42]} {[%emt 00:03:47]} Qg4
{[%clk 00:06:54]} {[%emt 00:01:36]} 32. Qf1 {[%clk 00:00:33]} {[%emt 00:01:39]}
h5 {[%clk 00:05:51]} {[%emt 00:01:32]} 33. Rc2 {[%clk 00:00:46]} {[%emt
00:00:18]} h4 {[%clk 00:05:56]} {[%emt 00:00:25]} 34. Qe2 {[%clk 00:00:53]}
{[%emt 00:00:23]} Qg5 {[%clk 00:04:47]} {[%emt 00:01:39]} 35. Qd2 {[%clk
00:01:15]} {[%emt 00:00:09]} Qf5 {[%clk 00:04:29]} {[%emt 00:00:47]} 36. Ra2
{[%clk 00:00:35]} {[%emt 00:01:11]} h3 {[%clk 00:03:22]} {[%emt 00:01:36]} 37.
Kf1 {[%clk 00:00:45]} {[%emt 00:00:20]} Kg7 {[%clk 00:02:28]} {[%emt 00:01:23]}
38. Rc2 {[%clk 00:00:49]} {[%emt 00:00:27]} Qf3 {[%clk 00:02:11]} {[%emt
00:00:46]} 39. Qe1 {[%clk 00:00:41]} {[%emt 00:00:38]} Qh1+ {[%clk 00:01:24]}
{[%emt 00:01:17]} 40. Ke2 {[%clk 00:01:06]} {[%emt 00:00:06]} Qxh2 {[%clk
00:01:24]} {[%emt 00:00:30]} 41. Kd3 {[%clk 00:24:09]} {[%emt 00:07:27]} Qg2
{[%clk 00:30:09]} {[%emt 00:01:44]} 42. Kc4 {[%clk 00:23:50]} {[%emt 00:00:50]}
h2 {[%clk 00:29:41]} {[%emt 00:00:57]} 43. Rc1 {[%clk 00:24:14]} {[%emt
00:00:06]} Qxf2 {[%clk 00:29:42]} {[%emt 00:00:29]} 44. Qxf2 {[%clk 00:24:38]}
{[%emt 00:00:07]} Bxf2 {[%clk 00:30:07]} {[%emt 00:00:05]} 45. Rh1 {[%clk
00:25:03]} {[%emt 00:00:04]} Bg1 {[%clk 00:30:22]} {[%emt 00:00:14]} 46. Kd5
{[%clk 00:24:39]} {[%emt 00:00:56]} Kf6 {[%clk 00:30:43]} {[%emt 00:00:09]} 47.
g4 {[%clk 00:24:51]} {[%emt 00:00:19]} Kg5 {[%clk 00:31:00]} {[%emt 00:00:11]}
48. Kd4 {[%emt 00:00:12]} 0-1